[Event "Sao Paulo Freitas Memorial"]
[Site "Sao Paulo"]
[Date "2015.10.11"]
[Round "4"]
[White "Nobre, Jailson Altair Barb"]
[Black "Souza Correa, Jhonatan"]
[Result "1-0"]
[WhiteElo "1735"]
[BlackElo "1530"]
[PlyCount "117"]
[EventDate "2015.10.10"]
[EventType "swiss"]
[EventRounds "6"]
[EventCountry "BRA"]
[SourceTitle "CBM 168 Extra"]
[Source "ChessBase"]
[SourceDate "2015.10.29"]
[SourceVersion "1"]
[SourceVersionDate "2015.10.29"]
[SourceQuality "1"]

1. c4 e5 2. Nc3 Nc6 3. g3 Nf6 4. Bg2 Bb4 5. d3 Bxc3+ 6. bxc3 0-0 7. Nf3 h6 8. 0-0 d6 9. Rb1 Rb8 10. Nd2 Bd7 11. Ne4 Nxe4 12. Bxe4 b6 13. Qc2 Kh8 14. Bg2 f5 15. Bd2 Qf6 16. Qa4 e4 17. d4 a5 18. Qc2 Ne7 19. f3 exf3 20. Bxf3 Qg6 21. Bf4 Qf6 22. e4 Ng6 23. Bd2 f4 24. Bg2 Bg4 25. Bxf4 Nxf4 26. Rxf4 Qe6 27. Rbf1 Rxf4 28. Rxf4 g5 29. d5 Qd7 30. Rf6 Kg7 31. e5 Qe8 32. Qf2 dxe5 33. Be4 Bh5 34. Re6 Qf8 35. Rxe5 Qxf2+ 36. Kxf2 Re8 37. Rxe8 Bxe8 38. Ke3 Kf6 39. Kd4 Bd7 40. c5 Bc8 41. cxb6 cxb6 42. c4 Bd7 43. c5 bxc5+ 44. Kxc5 Ke5 45. Bg2 g4 46. d6 a4 47. a3 h5 48. Bc6 Ke6 49. Bxd7+ Kxd7 50. Kd5 Kd8 51. Ke6 Ke8 52. d7+ Kd8 53. Kf5 Kxd7 54. Kg5 Kd6 55. Kxh5 Kc5 56. Kxg4 Kc4 57. h4 Kb3 58. h5 Kxa3 59. h6 1-0

[Event "Sao Paulo Freitas Memorial"]
[Site "Sao Paulo"]
[Date "2015.10.10"]
[Round "1"]
[White "Souza Correa, Jhonatan"]
[Black "De Moura, Sergio Jovelino"]
[Result "0-1"]
[WhiteElo "1530"]
[BlackElo "2043"]
[PlyCount "84"]
[EventDate "2015.10.10"]
[EventType "swiss"]
[EventRounds "6"]
[EventCountry "BRA"]
[SourceTitle "CBM 168 Extra"]
[Source "ChessBase"]
[SourceDate "2015.10.29"]
[SourceVersion "1"]
[SourceVersionDate "2015.10.29"]
[SourceQuality "1"]

1. e4 c5 2. Nf3 d6 3. Bb5+ Nd7 4. a4 Ngf6 5. Nc3 g6 6. d3 Bg7 7. 0-0 0-0 8. Bg5 h6 9. Bd2 a6 10. Bc4 b6 11. Re1 Bb7 12. Nh4 Kh7 13. f4 e6 14. Nf3 Qc7 15. f5 exf5 16. exf5 d5 17. fxg6+ fxg6 18. Ba2 Rae8 19. d4 cxd4 20. Rxe8 Rxe8 21. Nxd4 Qc5 22. Nce2 Rxe2 23. Qxe2 Qxd4+ 24. Qe3 Ng4 25. Qxd4 Bxd4+ 26. Kf1 Nxh2+ 27. Ke2 Bxb2 28. Rb1 Be5 29. c4 dxc4 30. Bxc4 Ng4 31. Be6 Ngf6 32. Be3 Bxg2 33. Bxb6 Be4 34. Rb3 Bc2 35. Re3 Bxa4 36. Bd8 Bb5+ 37. Kd1 Kg7 38. Bb3 Ng4 39. Re1 Nc5 40. Bc2 h5 41. Bb6 Na4 42. Bxa4 Bxa4+ 0-1